000
00262nam a2200109Ia 4500
008
220204s9999 xx 000 0 und d
082
_a
612.39
_b
NUT
245
0
_a
Nutrition and working efficiency
260
_a
Rome
_b
FAO
_c
1962
650
_a
Nutrition
942
_c
BK
999
_c
19755
_d
19755